LEADER 01121nam0 22003251i 450 001 RML0276068 005 20231121125727.0 010 $a8437602467 100 $a20121121d1989 ||||0itac50 ba 101 | $aspa 102 $aes 181 1$6z01$ai $bxxxe 182 1$6z01$an 200 1 $aVolvoreta$fWenceslao Fernández Flórez$gedición de José-Carlos Mainer 205 $a3. ed 210 $aMadrid $cCatedra $d©1989 215 $a227 p.$d18 cm 225 | $aLetras Hispánicas$c- Madrid $eCatedra $v129 410 0$1001RML0331051$12001 $aLetras Hispánicas$c- Madrid $eCatedra $v129 676 $a863.62$9$v21 700 1$aFernández Flórez$b, Wenceslao$3RMLV177894$0166331 702 1$aMainer$b, José-Carlos$3RMLV177893 801 3$aIT$bIT-01$c20121121 850 $aIT-FR0017 899 $aBiblioteca umanistica Giorgio Aprea$bFR0017 912 $aRML0276068 950 0$aBiblioteca umanistica Giorgio Aprea$d 52MAG 5 Coll Q 129$e 52FLS0000105405 VMN RS $fA $h20130118$i20130118 977 $a 52 996 $aVolvoreta$994006 997 $aUNICAS